000 00481nam a22001697a 4500
005 20251108172852.0
008 250721s2004 xx 000 0 ara d
082 1 4 _a346.044/عزا
100 1 _aالعزام، سهيل محمد
245 1 0 _aدراسة في ماهية المرفق العام /
264 1 _aاربد :
_bالمؤلف،
_c2004.
300 _a80ص.
650 1 7 _aالقانون
650 1 7 _aالخدمات العامة
942 _2ddc
_cBK
999 _c90480
_d90480